Sir Cumference and all the king's Tens : (Record no. 8420)

MARC details
000 -LEADER
fixed length control field 01139nam a22003137a 4500
001 - CONTROL NUMBER
control field 8420
003 - CONTROL NUMBER IDENTIFIER
control field FISKH
005 - DATE AND TIME OF LATEST TRANSACTION
control field 20250910163709.0
008 - FIXED-LENGTH DATA ELEMENTS--GENERAL INFORMATION
fixed length control field 250910b cb ||||| |||| 00| 0 eng d
020 ## - INTERNATIONAL STANDARD BOOK NUMBER
International Standard Book Number 9780545293433
040 ## - CATALOGING SOURCE
Original cataloging agency FISKH
Language of cataloging eng
Transcribing agency FISKH
Modifying agency FISKH
050 ## - LIBRARY OF CONGRESS CALL NUMBER
Classification number PZ7.N4453 S
082 ## - DEWEY DECIMAL CLASSIFICATION NUMBER
Classification number 513.2
100 ## - MAIN ENTRY--PERSONAL NAME
Personal name Neuschwander, Cindy
245 ## - TITLE STATEMENT
Title Sir Cumference and all the king's Tens :
Remainder of title A math adventure /
Statement of responsibility, etc. By Cindy Neuschwander : Illustrated by Wavne Geehan
250 ## - EDITION STATEMENT
Edition statement First Scholastic printing, September 2010
260 ## - PUBLICATION, DISTRIBUTION, ETC.
Place of publication, distribution, etc. New York :
Name of publisher, distributor, etc. Scholastic,
Date of publication, distribution, etc. 2009.
300 ## - PHYSICAL DESCRIPTION
Extent 32 pages :
Other physical details color illustrations ;
Dimensions 24 cm .
490 ## - SERIES STATEMENT
Series statement Sir Cumference
Volume/sequential designation 6
505 ## - FORMATTED CONTENTS NOTE
Formatted contents note R <br/>
520 ## - SUMMARY, ETC.
Summary, etc. When Sir Cumference and his wife, Lady Di of Ameter, host a massive surprise birthday party for the king, they must figure out quick a way to count all the guests that are in attendance.
521 8# - TARGET AUDIENCE NOTE
Target audience note 720 <br/>
Source Lexile AD <br/>
521 8# - TARGET AUDIENCE NOTE
Target audience note R <br/>
Source Raz-Plus <br/>
650 ## - SUBJECT ADDED ENTRY--TOPICAL TERM
Topical term or geographic name entry element LIving math
Form subdivision Children's Book
650 ## - SUBJECT ADDED ENTRY--TOPICAL TERM
Topical term or geographic name entry element Counting
Form subdivision Children's Book
700 ## - ADDED ENTRY--PERSONAL NAME
Personal name Geehan, Wayne
Relator term Illustrator
942 ## - ADDED ENTRY ELEMENTS (KOHA)
Source of classification or shelving scheme Dewey Decimal Classification
Koha item type Books
Suppress in OPAC No
Holdings
Withdrawn status Lost status Source of classification or shelving scheme Damaged status Not for loan Collection Home library Current library Shelving location Date acquired Total Checkouts Full call number Barcode Date last seen Price effective from Koha item type
    Dewey Decimal Classification     Juvenile Fiction Footprints International School Library Network Toul Tom Poung Campus Footprints International School Library Network Toul Tom Poung Campus TTP Primary Yellow Bookshelves 09/10/2025   NEU 513.2 PZ7.N4453 S FIS01929 09/10/2025 09/10/2025 Books